000 00410cam a2200181ua 4500
020 _cRs. 0.75
041 _amal
_h
082 _a954.83
_bSAM/PR
100 _aSamsula, Ghadhiri .
245 _aPracheena Malabar
260 _aKozhikode :
_bBushra publishing house ,
_c1954.
300 _a88 ; .
365 _aRs. 0.75
504 _a
650 _aHistory
942 _cBK
999 _c631
_d631